000 00647nam a2200181 4500
999 _c16308
_d16308
008 211116b ||||| |||| 00| 0 eng d
022 _a0732-8435
082 _aDPer 657.05 C33 Apr - Sept 2016, v86 n4-9
100 _aKess, Sidney.
_942718
245 _aPaying for higher education/
_cSidney Kess, James R. Grimaldi and James Revels.
260 _aNew York:
_bThe New York State Society of CPA,
_c©2016.
300 _av86 n7, pages 70-73:
_billustrations;
_c28 cm.
500 _aThe CPA Journal
650 _aEducation
_xSaving.
_943684
700 _aGrimaldi, J. R.
_eAuthor.
_943685
700 _aRevels, J.
_eAuthor.
_942787
942 _2ddc
_cPER